000 00406nam a2200145Ia 4500
008 210210b1993 xxu||||| |||| 00| 0 eng d
082 _a658.809332 GHOB
100 _aGHOSHROY (D).
245 _aBank marketing: a handbook for branch bankers.
260 _aCalcutta.
_bB D P Publishers.,
_c1993
300 _a211
650 _aBank, Marketing, Branch
690 _aMarketing Management
906 _a051100
999 _c99782
_d99782